| Tag |
First Indicator |
Second Indicator |
Subfields |
| LEADER |
00000cam a2200000 a 4500 |
| 001 |
in00000031181 |
| 005 |
20151007060323.0 |
| 008 |
820422s1980 enk 00010 eng |
| 010 |
|
|
|a 81126485
|
| 015 |
|
|
|a GB***
|
| 020 |
|
|
|a 0861400399
|
| 020 |
|
|
|a 0861400445 (pbk.)
|
| 035 |
|
|
|a (OCoLC)06785603
|
| 035 |
|
|
|9 AAC0570AM
|
| 040 |
|
|
|a DLC
|c DLC
|d m/c
|d TXA
|d UtOrBLW
|
| 049 |
|
|
|a [Wein] TXAM
|c [A11682333]
|
| 050 |
0 |
0 |
|a PR6052.O63
|b D4
|
| 050 |
|
4 |
|a PR6052.O63
|b D4 1980b
|
| 082 |
0 |
|
|a 821/.914
|2 19
|
| 100 |
1 |
|
|a Booth, Martin.
|
| 245 |
1 |
0 |
|a Devils' wine :
|b poems /
|c by Martin Booth.
|
| 264 |
|
1 |
|a Gerrards Cross, Buckinghamshire :
|b C. Smythe ;
|c 1980.
|
| 264 |
|
2 |
|a Chester Springs, PA :
|b U.S. distributor, Dufour Editions,
|
| 300 |
|
|
|a 112 pages ;
|c 23 cm.
|
| 336 |
|
|
|a text
|b txt
|2 rdacontent
|
| 337 |
|
|
|a unmediated
|b n
|2 rdamedia
|
| 338 |
|
|
|a volume
|b nc
|2 rdacarrier
|
| 500 |
|
|
|a Distributor from label mounted on title page.
|
| 536 |
|
|
|a Poetry browsing collection: gift of Eleanor Weinbaum family.
|
| 999 |
|
|
|a MARS
|
| 999 |
f |
f |
|s cf8f5fd1-3457-3e61-b062-db2c010ff3ef
|i 6b0114bb-e0ba-3223-9352-4e27c19b3d80
|t 0
|
| 952 |
f |
f |
|p ric
|a Texas A&M University
|b Rellis Campus
|c Joint Library Facility
|d Remote Storage
|t 0
|e PR6052.O63 D4 1980b
|h Library of Congress classification
|i unmediated -- volume
|m A14811682333
|
| 998 |
f |
f |
|a PR6052.O63 D4 1980b
|t 0
|l Remote Storage
|